000 00614nam a22001937a 4500
999 _c372087
_d372087
008 201127b ||||| |||| 00| 0 eng d
040 _aDE-2950
_bger
_cDE-2950
_erda
041 _ager
245 _aSVF ins Reisezentrum im Bahnhof eingezogen
_cSelim Pekel
264 _c2022
653 _aFrankfurt (Oder)
653 _aBahnhof
653 _aReisezentrum
773 _dFrankfurt (Oder) Märkisches Verlags- und Druckhaus GmbH & Co KG
_tMärkische Oderzeitung
_g34. Jahrgang (2023) Nr. 2 vom 03.01.2023, S. 1, mit Foto
942 _cA